[Event "XX Festival Conca della Presolana A"]
[Site "Bratto - Castione della Presolana ITA"]
[Date "2000.08.27"]
[Round "3"]
[White "Oppici, Gabriele"]
[Black "Gorelli Fagiolini, Marco"]
[Result "1-0"]
[WhiteElo "2040"]
[BlackElo "2203"]
[PlyCount "60"]
[EventDate "2000.08.25"]

1.Nc3 d5 2.e4 e6 3.Nf3 Nf6 4.e5 Nfd7 5.d4 c5 6.Bb5 Nc6 7.O-O Be7 8.Re1 O-O
9.Bxc6 bxc6 10.Ne2 cxd4 11.Qxd4 f6 12.exf6 Bxf6 13.Qg4 e5 14.Qe6+ Kh8 15.
Qxc6 Nb6 16.c4 dxc4 17.Be3 Bf5 18.Ng3 Bd3 19.Nd2 e4 20.Ndxe4 Bxb2 21.Rad1 
Qd5 22.Qc7 Qe5 23.Nd6 Qf6 24.Nh5 Nd5 25.Qc5 Qe5 26.Bc1 Qd4 27.Qc6 Qxf2+ 
28.Kh1 Bxc1 29.Rxc1 Ne3 30.Qb7 Bf1 1-0

[Event "XX Festival Conca della Presolana A"]
[Site "Bratto - Castione della Presolana ITA"]
[Date "2000.08.27"]
[Round "3"]
[White "Pagnoncelli, Marco"]
[Black "Menoni, Vincenzo"]
[Result "1/2-1/2"]
[WhiteElo "2082"]
[BlackElo "2240"]
[PlyCount "65"]
[EventDate "2000.08.25"]

1.e4 e6 2.d4 d5 3.exd5 exd5 4.Nf3 Bg4 5.c4 Bb4+ 6.Nc3 Nc6 7.h3 Bxf3 8.Qxf3
Nxd4 9.Qe3+ Qe7 10.Kd1 Bxc3 11.bxc3 Nf5 12.Qd3 Qd7 13.g4 Nfe7 14.Bg2 O-O-O
15.c5 Qa4+ 16.Qc2 Qc4 17.Be3 Nf6 18.Rb1 Ne4 19.Rb3 Nxc5 20.Rb4 Qd3+ 21.Kc1
Qxc2+ 22.Kxc2 Ne6 23.Bxa7 b6 24.Ra4 Nc5 25.Ra3 Nc6 26.Rd1 Rhe8 27.Bxd5 
Re2+ 28.Kc1 Rxd5 29.Rxd5 Kb7 30.Rxc5 bxc5 31.Bxc5 Re1+ 32.Kd2 Rh1 33.c4 
1/2-1/2

[Event "XX Festival Conca della Presolana A"]
[Site "Bratto - Castione della Presolana ITA"]
[Date "2000.08.27"]
[Round "3"]
[White "Pirola, Andrea"]
[Black "Ventura, Boris"]
[Result "1-0"]
[WhiteElo "1909"]
[BlackElo "2162"]
[PlyCount "83"]
[EventDate "2000.08.25"]

1.d4 Nf6 2.Nf3 d6 3.Bf4 g6 4.Nbd2 Bg7 5.e3 Nh5 6.Bg3 Nxg3 7.hxg3 e5 8.dxe5
dxe5 9.Bc4 Nc6 10.Qe2 Qe7 11.c3 Bd7 12.e4 O-O-O 13.b4 f5 14.O-O h5 15.a4 
Bf6 16.a5 h4 17.b5 Nb8 18.b6 cxb6 19.axb6 axb6 20.Bd5 hxg3 21.Nc4 Qc5 22.
Qe3 Qxe3 23.fxe3 Rh5 24.Nxb6+ Kc7 25.Rfb1 Rdh8 26.Kf1 Bc6 27.Bxc6 bxc6 28.
Ra7+ Kd6 29.Rd1+ Ke6 30.exf5+ Rxf5 31.Ke2 e4 32.Nd4+ Bxd4 33.exd4 Rf2+ 34.
Ke3 Rxg2 35.d5+ cxd5 36.Nxd5 Kf5 37.Nf4 Rgh2 38.Ra5+ Kg4 39.Rdd5 g2 40.
Rg5+ Kh4 41.Nxg6+ Kh3 42.Nxh8 1-0

[Event "XX Festival Conca della Presolana A"]
[Site "Bratto - Castione della Presolana ITA"]
[Date "2000.08.27"]
[Round "3"]
[White "Ranieri, Fabrizio"]
[Black "Everet, Alexandro"]
[Result "0-1"]
[WhiteElo "2165"]
[BlackElo "2348"]
[PlyCount "58"]
[EventDate "2000.08.25"]

1.e4 e5 2.Bc4 Nf6 3.d3 h6 4.Nf3 d6 5.O-O Be7 6.h3 O-O 7.Be3 Nc6 8.c3 a6 9.
b4 d5 10.exd5 Nxd5 11.Qb3 Be6 12.a4 f5 13.a5 Qd7 14.Nbd2 Rad8 15.Bc5 Rfe8 
16.Bxe7 Rxe7 17.Rfe1 Bf7 18.Rad1 Kh8 19.Ne4 b6 20.axb6 cxb6 21.Bxd5 Bxd5 
22.c4 Bf7 23.Ng3 f4 24.Nf1 Bh5 25.N1h2 Nd4 26.Qa2 Bxf3 27.Nxf3 Nxf3+ 28.
gxf3 Qxh3 29.c5 Re6 0-1

[Event "XX Festival Conca della Presolana A"]
[Site "Bratto - Castione della Presolana ITA"]
[Date "2000.08.27"]
[Round "3"]
[White "Ricci, Alfredo"]
[Black "Cetro, Carlo"]
[Result "1-0"]
[WhiteElo "2093"]
[BlackElo "2050"]
[PlyCount "82"]
[EventDate "2000.08.25"]

1.e4 e6 2.d4 d5 3.exd5 exd5 4.c4 Nf6 5.Nc3 Be7 6.Nf3 O-O 7.cxd5 Nxd5 8.Bc4
Nb6 9.Bb3 N8d7 10.Be3 Nf6 11.Qd3 Nbd5 12.O-O g6 13.Bh6 Re8 14.Rfe1 Bf5 15.
Qb5 Nxc3 16.bxc3 Be4 17.Bxf7+ Kxf7 18.Ng5+ Kg8 19.Nxe4 Ng4 20.Bf4 Rf8 21.
Qc4+ Kg7 22.Bxc7 Qd7 23.Nc5 Bxc5 24.Qxc5 Rf7 25.Be5+ Kg8 26.f3 Nh6 27.Rac1
b6 28.Qd6 Qf5 29.Qd5 Rf8 30.c4 Qg5 31.f4 Qh4 32.Re2 Rd8 33.Qe6 Nf5 34.d5 
g5 35.fxg5 Nd4 36.Bxd4 Qxd4+ 37.Kh1 Kf8 38.g6 hxg6 39.Qxg6 Qxc4 40.Qxf7+ 
Kxf7 41.Rxc4 Rxd5 1-0

[Event "XX Festival Conca della Presolana A"]
[Site "Bratto - Castione della Presolana ITA"]
[Date "2000.08.27"]
[Round "3"]
[White "Romanishin, Oleg M."]
[Black "Riccio, Eros"]
[Result "1-0"]
[WhiteElo "2591"]
[BlackElo "2134"]
[PlyCount "101"]
[EventDate "2000.08.25"]

1.d4 d5 2.c4 dxc4 3.Nf3 Nf6 4.e3 e6 5.Bxc4 c5 6.O-O a6 7.Bb3 Nc6 8.Nc3 Be7
9.dxc5 Qxd1 10.Rxd1 Bxc5 11.Bd2 O-O 12.Be1 Ba7 13.Rac1 Bd7 14.Na4 Rfd8 15.
Nc5 Bxc5 16.Rxc5 Be8 17.Rdc1 Nd7 18.R5c2 Nb6 19.h3 h6 20.a3 Rd3 21.Rc3 
Rad8 22.Rxd3 Rxd3 23.Bd1 f5 24.Bc3 Rd8 25.Bb3 Bf7 26.Nd4 Rd6 27.Bb4 Nxb4 
28.axb4 Nd5 29.Rc8+ Kh7 30.Bxd5 Rxd5 31.Rc7 e5 32.Nxf5 Rd1+ 33.Kh2 Kg8 34.
Rc8+ Kh7 35.Rc7 Kg8 36.Rxb7 Rd2 37.Kg3 Rxb2 38.Rb8+ Kh7 39.Rb7 Kg8 40.Rb6 
Ra2 41.Ne7+ Kh7 42.Nc6 e4 43.Ne5 Be8 44.Nc4 Bb5 45.Nd6 Bd3 46.Rb7 a5 47.
Ra7 a4 48.b5 a3 49.b6 Rb2 50.b7 Rb6 51.Rxa3 1-0

[Event "XX Festival Conca della Presolana A"]
[Site "Bratto - Castione della Presolana ITA"]
[Date "2000.08.27"]
[Round "3"]
[White "Sarno, Spartaco"]
[Black "Dervishi, Erald"]
[Result "0-1"]
[WhiteElo "2409"]
[BlackElo "2478"]
[PlyCount "82"]
[EventDate "2000.08.25"]

1.c4 e6 2.Nf3 Nf6 3.g3 d5 4.Bg2 Be7 5.O-O O-O 6.b3 b6 7.Bb2 Bb7 8.e3 c5 9.
Qe2 Nbd7 10.d3 Qc7 11.Nc3 a6 12.Rac1 Rad8 13.Rfd1 Qb8 14.cxd5 Nxd5 15.Nxd5
Bxd5 16.d4 Qa8 17.Ne1 Bxg2 18.Nxg2 cxd4 19.Bxd4 Bf6 20.Ne1 Bxd4 21.Rxd4 
Nf6 22.Rcd1 Rxd4 23.Rxd4 Rc8 24.Qf3 Qb8 25.Qe2 b5 26.Nf3 h6 27.Qb2 Rc5 28.
Qd2 Qb7 29.Rd8+ Kh7 30.Qd3+ Qe4 31.Qxe4+ Nxe4 32.Rd4 f5 33.a4 Rc1+ 34.Kg2 
Rc2 35.Ne5 Rxf2+ 36.Kg1 Re2 37.axb5 axb5 38.Rb4 Nc3 39.Nc6 Rxe3 40.Kf2 Rd3
41.Rd4 Ne4+ 0-1

[Event "XX Festival Conca della Presolana A"]
[Site "Bratto - Castione della Presolana ITA"]
[Date "2000.08.27"]
[Round "3"]
[White "Schuurman, Petra"]
[Black "Cebalo, Miso"]
[Result "1/2-1/2"]
[WhiteElo "2151"]
[BlackElo "2520"]
[PlyCount "122"]
[EventDate "2000.08.25"]

1.c4 e5 2.Nc3 Nf6 3.Nf3 Nc6 4.d4 exd4 5.Nxd4 g6 6.Nxc6 bxc6 7.g3 Bg7 8.Bg2
O-O 9.O-O Bb7 10.Bf4 d6 11.Qa4 Nd7 12.Qc2 Rb8 13.Rad1 c5 14.Bh3 Ne5 15.
Bxe5 Bxe5 16.b3 Re8 17.Rd2 Qf6 18.Nd5 Bxd5 19.cxd5 Kg7 20.e3 Qe7 21.Qd3 h5
22.Rc2 a5 23.Rc4 Rb4 24.Rfc1 Reb8 25.Rxb4 axb4 26.Rc2 Bf6 27.Bf1 h4 28.Rc4
hxg3 29.hxg3 Qe5 30.Rc2 Qa1 31.Qd2 Rh8 32.Qe2 Rh5 33.Rd2 Qe5 34.Bg2 Rh8 
35.Rc2 Qf5 36.Kf1 Ra8 37.Kg1 Bc3 38.Bf3 Qe5 39.Kg2 Rh8 40.Kg1 Ra8 41.Kg2 
Re8 42.Qc4 Ba1 43.Qf4 Qe7 44.Qc4 Bf6 45.Qa6 Qe5 46.Qe2 Qg5 47.Qc4 Qh6 48.
Kg1 Be5 49.Kg2 Rh8 50.Kg1 Qg5 51.Qg4 Qxg4 52.Bxg4 f5 53.Be2 Bf6 54.f4 Ba1 
55.Bf3 Ra8 56.Kf2 Bc3 57.Bg2 g5 58.Bf3 Kg6 59.Bg2 Bf6 60.Bf3 Rh8 61.Bg2 
Re8 1/2-1/2

[Event "XX Festival Conca della Presolana A"]
[Site "Bratto - Castione della Presolana ITA"]
[Date "2000.08.27"]
[Round "3"]
[White "Skembris, Spyridon"]
[Black "Guido, Flavio"]
[Result "1/2-1/2"]
[WhiteElo "2475"]
[BlackElo "2303"]
[PlyCount "181"]
[EventDate "2000.08.25"]

1.d4 Nf6 2.c4 e6 3.Nf3 d5 4.Nc3 c5 5.cxd5 Nxd5 6.e4 Nxc3 7.bxc3 cxd4 8.
cxd4 Bb4+ 9.Bd2 Bxd2+ 10.Qxd2 O-O 11.Bc4 Nc6 12.O-O b6 13.Rfe1 Bb7 14.a3 
Rc8 15.Ba2 Na5 16.Qb4 Rc2 17.h3 Qa8 18.Bb1 Rc4 19.Qb2 Rd8 20.Bd3 Rcc8 21.
Rad1 h6 22.Ne5 Nc6 23.Nxc6 Rxc6 24.Bb5 Rc7 25.d5 exd5 26.e5 Qc8 27.Qd4 Rc3
28.Rd3 Rxd3 29.Bxd3 Qc5 30.Qh4 Re8 31.e6 fxe6 32.Qh5 Rf8 33.Re3 d4 34.Qxc5
bxc5 35.Rxe6 Bd5 36.Re5 Bb7 37.Rxc5 Rc8 38.Ra5 Rc3 39.Rxa7 Rxd3 40.Rxb7 
Rxa3 41.Rd7 Ra1+ 42.Kh2 Ra2 43.Kg3 Rd2 44.h4 h5 45.Kf3 Kh7 46.Rd6 Kg8 47.
Rd5 g6 48.Rd7 Kf8 49.g3 Kg8 50.Re7 d3 51.Re1 Kf7 52.Ke3 Ra2 53.Rd1 Kf6 54.
Rxd3 Rb2 55.f3 Rb4 56.Rd4 Rb6 57.Ke4 Re6+ 58.Kf4 Ra6 59.Rd5 Ra4+ 60.Ke3 
Rb4 61.Rd6+ Kf5 62.Rd5+ Kf6 63.Rd4 Rb6 64.g4 hxg4 65.fxg4 Ra6 66.Rb4 Rc6 
67.Ke4 Re6+ 68.Kf3 Ra6 69.g5+ Kg7 70.Rb7+ Kf8 71.Kf4 Ra4+ 72.Ke5 Ra5+ 73.
Kd6 Ra4 74.Ke6 Ra6+ 75.Kd5 Ra4 76.Rb6 Rxh4 77.Ke5 Kf7 78.Rb7+ Kg8 79.Kf6 
Ra4 80.Rg7+ Kh8 81.Re7 Kg8 82.Kxg6 Ra6+ 83.Kf5 Rb6 84.Re6 Rxe6 85.Kxe6 Kg7
86.Kf5 Kf7 87.g6+ Kg7 88.Kg5 Kg8 89.Kf6 Kf8 90.g7+ Kg8 91.Kg6 1/2-1/2

[Event "XX Festival Conca della Presolana A"]
[Site "Bratto - Castione della Presolana ITA"]
[Date "2000.08.27"]
[Round "3"]
[White "Szekely, Peter"]
[Black "Sbarra, Marco"]
[Result "1/2-1/2"]
[WhiteElo "2445"]
[BlackElo "2285"]
[PlyCount "33"]
[EventDate "2000.08.25"]

1.Nf3 d5 2.c4 e6 3.g3 Nf6 4.Bg2 Be7 5.d4 c6 6.Qc2 Nbd7 7.O-O O-O 8.Nbd2 b6
9.e4 dxe4 10.Nxe4 Bb7 11.Rd1 Qc8 12.Nxf6+ Nxf6 13.b3 Rd8 14.Bb2 c5 15.Qe2 
Qc7 16.Rd3 cxd4 17.Bxd4 1/2-1/2

[Event "XX Festival Conca della Presolana A"]
[Site "Bratto - Castione della Presolana ITA"]
[Date "2000.08.27"]
[Round "3"]
[White "Trabert, Bettina"]
[Black "Capece, Adolivio"]
[Result "1-0"]
[WhiteElo "2259"]
[BlackElo "2065"]
[PlyCount "95"]
[EventDate "2000.08.25"]

1.e4 c5 2.c3 Nf6 3.e5 Nd5 4.d4 cxd4 5.Nf3 e6 6.cxd4 Nc6 7.a3 d6 8.Bd3 dxe5
9.dxe5 Qc7 10.O-O Bd7 11.Re1 Be7 12.b4 Rc8 13.Bd2 h6 14.Ra2 a6 15.Qe2 Qb6 
16.Qe4 Na7 17.Qg4 g5 18.Qh5 Qd8 19.Rc2 Rxc2 20.Bxc2 Kf8 21.h4 Qc7 22.Be4 
Nf4 23.Bxf4 gxf4 24.Qg4 Bc6 25.Qxf4 Bxe4 26.Rxe4 Nc6 27.Nbd2 Nd8 28.Nb3 
Qc3 29.Qe3 Qxe3 30.Rxe3 Rg8 31.Nbd4 Rg4 32.g3 Ke8 33.Kf1 Kd7 34.Rd3 Kc7 
35.Rc3+ Kd7 36.Ke2 Rg8 37.Kd3 Rg4 38.Nh2 Rg8 39.Nf1 Nc6 40.Nxc6 bxc6 41.
Nd2 Rd8 42.Nb3 Ra8 43.Ke4 Rf8 44.Na5 Rc8 45.Rd3+ Ke8 46.Nb7 c5 47.bxc5 
Bxc5 48.Rc3 1-0

[Event "XX Festival Conca della Presolana A"]
[Site "Bratto - Castione della Presolana ITA"]
[Date "2000.08.27"]
[Round "3"]
[White "Vancini, Edoardo"]
[Black "Berni, Fabrizio"]
[Result "1-0"]
[WhiteElo "2301"]
[BlackElo "2090"]
[PlyCount "44"]
[EventDate "2000.08.25"]

1.e4 c5 2.c3 d5 3.exd5 Qxd5 4.d4 Nf6 5.Nf3 Bg4 6.Qa4+ Bd7 7.Qb3 Nc6 8.Bc4 
Qe4+ 9.Be3 e6 10.Nbd2 Qf5 11.Qxb7 Rb8 12.Qc7 Be7 13.Bb3 O-O 14.O-O Rfd8 
15.Qf4 Qg6 16.dxc5 Nh5 17.Qe4 f5 18.Qc2 Kh8 19.Nc4 Bf6 20.Rad1 Qe8 21.Rfe1
g5 22.Bxg5 Qg6 1-0

[Event "XX Festival Conca della Presolana A"]
[Site "Bratto - Castione della Presolana ITA"]
[Date "2000.08.27"]
[Round "3"]
[White "Vita, Fabrizio"]
[Black "Solinas, Carlo"]
[Result "0-1"]
[WhiteElo "2102"]
[BlackElo "2058"]
[PlyCount "41"]
[EventDate "2000.08.25"]

1.c4 Nf6 2.Nc3 d6 3.d4 g6 4.e4 Bg7 5.Nge2 O-O 6.Ng3 e5 7.d5 Ng4 8.Be2 Qh4 
9.h3 Nxf2 10.Kxf2 f5 11.exf5 gxf5 12.Rf1 f4 13.Kg1 Qxg3 14.Rf3 Qg6 15.Bd3 
Bf5 16.Bxf5 Qxf5 17.Be3 Qg6 18.Bd2 Na6 19.b4 e4 20.Rf1 f3 21.g4 0-1

[Event "XX Festival Conca della Presolana A"]
[Site "Bratto - Castione della Presolana ITA"]
[Date "2000.08.27"]
[Round "3"]
[White "Voltolini, Giuseppe"]
[Black "Lovati, Paolo"]
[Result "1-0"]
[WhiteElo "2279"]
[BlackElo "2084"]
[PlyCount "55"]
[EventDate "2000.08.25"]

1.d4 d5 2.c4 e6 3.Nc3 Bb4 4.Nf3 Nf6 5.Bg5 h6 6.Bh4 g5 7.Bg3 Ne4 8.Qc2 h5 
9.h4 Nxg3 10.fxg3 g4 11.Ne5 Nc6 12.O-O-O Bxc3 13.Qxc3 Qf6 14.e3 Qh6 15.
cxd5 exd5 16.Bb5 Bd7 17.Nxd7 Kxd7 18.Rhf1 Rae8 19.Bxc6+ bxc6 20.Rxf7+ Re7 
21.Rxe7+ Kxe7 22.Rf1 Rh7 23.Rf4 Kd7 24.Qd3 Re7 25.Qf5+ Kd8 26.Kd2 Qd6 27.
a3 c5 28.Qxh5 1-0

[Event "XX Festival Conca della Presolana A"]
[Site "Bratto - Castione della Presolana ITA"]
[Date "2000.08.27"]
[Round "3"]
[White "Zichichi, Alvise"]
[Black "Berni, Giorgio"]
[Result "1-0"]
[WhiteElo "2325"]
[BlackElo "1905"]
[PlyCount "88"]
[EventDate "2000.08.25"]

1.d4 d5 2.e3 Bf5 3.c4 e6 4.Qb3 b6 5.Nc3 Nf6 6.Nf3 c6 7.Nh4 Bg6 8.g3 Be7 9.
Nxg6 hxg6 10.Bg2 O-O 11.O-O Nbd7 12.Bd2 Rc8 13.cxd5 cxd5 14.Rfc1 a6 15.a4 
Nb8 16.Bf1 Rc6 17.Rc2 Qc7 18.Rac1 Rc8 19.Bd3 Qb7 20.f3 Qd7 21.Be1 Ne8 22.
Bf2 Bf6 23.Kg2 R8c7 24.Na2 Rxc2 25.Rxc2 Rxc2 26.Qxc2 Nc7 27.Qb3 Qc6 28.e4 
Be7 29.Nc3 Qd6 30.Be3 g5 31.exd5 exd5 32.Qd1 Nc6 33.Qd2 Nb4 34.Bb1 Ne6 35.
Bf5 f6 36.Bf2 Kf7 37.Bb1 Nc6 38.Qd3 Qb4 39.Nxd5 Qxb2 40.Qg6+ Kf8 41.Qh7 
Ke8 42.Qg8+ Kd7 43.Bf5 Nxd4 44.Bxe6+ Kd6 1-0

[Event "XX Festival Conca della Presolana A"]
[Site "Bratto - Castione della Presolana ITA"]
[Date "2000.08.28"]
[Round "4"]
[White "Basciu, Simone"]
[Black "Zichichi, Alvise"]
[Result "1/2-1/2"]
[WhiteElo "2147"]
[BlackElo "2325"]
[PlyCount "134"]
[EventDate "2000.08.25"]

1.d4 d5 2.Nf3 c6 3.c4 e6 4.g3 f5 5.Bg2 Nf6 6.O-O Be7 7.Nbd2 O-O 8.b3 Bd7 
9.Ne5 Be8 10.Ndf3 Ne4 11.Nd3 g5 12.Bb2 Na6 13.Nfe5 Bh5 14.f3 Nf6 15.Qd2 h6
16.h4 Nh7 17.hxg5 hxg5 18.Kf2 Kg7 19.Rh1 Bg6 20.Rh2 Rh8 21.Rah1 Be8 22.Rh6
Bf6 23.Qc1 Rc8 24.Qg1 Rc7 25.Qh2 Kg8 26.Ng6 Bxg6 27.Rxg6+ Rg7 28.Qh6 Qf8 
29.Ne5 Nc7 30.Nd7 Rxg6 31.Qxg6+ Qg7 32.Nxf6+ Nxf6 33.Rxh8+ Kxh8 34.Qxg7+ 
Kxg7 35.e3 g4 36.fxg4 Nxg4+ 37.Kf3 Ne8 38.Bh3 Nef6 39.Bxg4 Nxg4 40.Kf4 Kg6
41.Bc1 Kf6 42.Ba3 Nf2 43.Kf3 Ne4 44.cxd5 exd5 45.Bb4 b6 46.Be1 Kg5 47.Bb4 
c5 48.dxc5 bxc5 49.Ba5 c4 50.bxc4 dxc4 51.Bd8+ Kg6 52.Be7 Nc3 53.a3 Ne4 
54.a4 c3 55.Ba3 a6 56.g4 Nd2+ 57.Kg3 fxg4 58.Kxg4 Nb3 59.Kf4 c2 60.Ke5 
c1=Q 61.Bxc1 Nxc1 62.Kd5 Kf6 63.Kc5 a5 64.Kb5 Nb3 65.Kc4 Nd2+ 66.Kb5 Nb3 
67.Kc4 Nd2+ 1/2-1/2

[Event "XX Festival Conca della Presolana A"]
[Site "Bratto - Castione della Presolana ITA"]
[Date "2000.08.28"]
[Round "4"]
[White "Battaggia, Piergiorgio"]
[Black "Dilic, Roberto"]
[Result "0-1"]
[WhiteElo "2118"]
[BlackElo "2013"]
[PlyCount "80"]
[EventDate "2000.08.25"]

1.d4 Nf6 2.c4 e6 3.Nf3 b6 4.a3 Ba6 5.Qc2 c5 6.d5 exd5 7.cxd5 Be7 8.Nc3 O-O
9.g3 Re8 10.Bg2 d6 11.O-O b5 12.b4 Nbd7 13.Rb1 Rc8 14.Qd3 Nb6 15.Bh3 Rc7 
16.Rd1 Bf8 17.Bg5 h6 18.bxc5 hxg5 19.cxb6 Rxc3 20.Qxc3 g4 21.Bxg4 Nxg4 22.
bxa7 Qe7 23.Qd4 Nf6 24.Qb6 Bb7 25.Qxb5 Ba8 26.Qa5 Nd7 27.Qc7 Nc5 28.Qxe7 
Rxe7 29.Nd2 Rxa7 30.Nc4 Ra4 31.Rbc1 g6 32.Rc3 Kg7 33.f3 f5 34.e3 Kf7 35.
Kf2 Ke7 36.Nb2 Ra7 37.Nc4 Bg7 38.Rcc1 Ra4 39.h4 Bb7 40.Ke2 Ba6 0-1

[Event "XX Festival Conca della Presolana A"]
[Site "Bratto - Castione della Presolana ITA"]
[Date "2000.08.28"]
[Round "4"]
[White "Belotti, Bruno"]
[Black "Sbarra, Marco"]
[Result "1-0"]
[WhiteElo "2417"]
[BlackElo "2285"]
[PlyCount "67"]
[EventDate "2000.08.25"]

1.e4 d6 2.d4 e5 3.Nf3 Nf6 4.Nc3 Nbd7 5.Bc4 Be7 6.O-O O-O 7.Re1 c6 8.a4 b6 
9.Bg5 Bb7 10.Bxf6 Bxf6 11.d5 c5 12.a5 a6 13.axb6 Nxb6 14.Bf1 g6 15.Ra3 Be7
16.Qa1 Qc8 17.Qa2 Nd7 18.Ra1 Nb8 19.Nd2 Bd8 20.g3 Qd7 21.Nc4 Kg7 22.Rb3 f5
23.Qa4 Qe7 24.Nxd6 Qxd6 25.Rxb7+ Rf7 26.Rxf7+ Kxf7 27.exf5 gxf5 28.Bh3 Kf6
29.Bxf5 Kxf5 30.Qe4+ Kg5 31.Qxh7 Qe7 32.Ne4+ Kg4 33.Qg6+ Kf3 34.Qf5+ 1-0

[Event "XX Festival Conca della Presolana A"]
[Site "Bratto - Castione della Presolana ITA"]
[Date "2000.08.28"]
[Round "4"]
[White "Berni, Fabrizio"]
[Black "Alberton, Roberto"]
[Result "1-0"]
[WhiteElo "2090"]
[BlackElo "2147"]
[PlyCount "63"]
[EventDate "2000.08.25"]

1.e4 c5 2.Nf3 e6 3.c3 d5 4.exd5 exd5 5.Bb5+ Bd7 6.Bxd7+ Nxd7 7.O-O Bd6 8.
d4 c4 9.b3 cxb3 10.axb3 Ne7 11.c4 dxc4 12.bxc4 O-O 13.Nc3 Ng6 14.Ne4 Be7 
15.Bb2 Nf6 16.Ng3 Qc8 17.Qb3 h5 18.Ne5 h4 19.Nxg6 fxg6 20.Rae1 Bd8 21.Ne4 
Nxe4 22.Rxe4 Bf6 23.d5 Qf5 24.Re3 Bg5 25.Qxb7 Qf7 26.Qxf7+ Rxf7 27.Re4 Rc8
28.Ba3 Rd7 29.Rd1 Kf7 30.c5 Re7 31.Rc4 Bf6 32.c6 1-0

[Event "XX Festival Conca della Presolana A"]
[Site "Bratto - Castione della Presolana ITA"]
[Date "2000.08.28"]
[Round "4"]
[White "Bonomi, Maurizio"]
[Black "Ricci, Alfredo"]
[Result "1-0"]
[WhiteElo "2234"]
[BlackElo "2093"]
[PlyCount "145"]
[EventDate "2000.08.25"]

1.Nf3 Nf6 2.g3 b6 3.Bg2 Bb7 4.O-O g6 5.c4 Bg7 6.Nc3 O-O 7.Re1 c5 8.e4 Nc6 
9.d3 d6 10.h3 Qd7 11.Be3 e5 12.Kh2 Ne7 13.Bg5 Nh5 14.Bxe7 Qxe7 15.Rf1 Bh6 
16.a3 Ng7 17.Nh4 Kh8 18.Rb1 Bg5 19.Nf3 f5 20.Nxg5 Qxg5 21.exf5 Bxg2 22.
Kxg2 gxf5 23.Qf3 Ne6 24.Rbe1 Rg8 25.Kh2 Nd4 26.Qd1 Rg6 27.Rg1 Rag8 28.Kg2 
f4 29.Ne4 Qh6 30.Rh1 f3+ 31.Kf1 Qh5 32.Rh2 Qf5 33.Qc1 b5 34.Re3 a6 35.Qd1 
Rh6 36.h4 Rd8 37.b3 Rf8 38.Kg1 a5 39.Kf1 bxc4 40.bxc4 Rb8 41.Ng5 Rf6 42.
Ne4 Re6 43.Ng5 Rf6 44.Ne4 Rg6 45.Ng5 Rf8 46.Rh1 h6 47.Ne4 Qd7 48.Rh2 Rg7 
49.a4 Rgf7 50.Nc3 Qg4 51.Ne4 Nf5 52.Re1 Rb7 53.Qd2 Kg7 54.Nc3 Rb4 55.h5 
Nd4 56.Ne4 Qe6 57.Nc3 Rfb8 58.Qe3 Nc2 59.Qxf3 Nxe1 60.Kxe1 Rb3 61.Nd1 e4 
62.Qxe4 Qxe4+ 63.dxe4 Re8 64.Rh4 Ra3 65.Ne3 Rxa4 66.Nf5+ Kf6 67.Nxh6 Ra2 
68.Nf5 Rb8 69.Kf1 Rbb2 70.Rf4 Ke5 71.h6 Rb8 72.Ne7 a4 73.Nc6+ 1-0

[Event "XX Festival Conca della Presolana A"]
[Site "Bratto - Castione della Presolana ITA"]
[Date "2000.08.28"]
[Round "4"]
[White "Capece, Adolivio"]
[Black "Caruso, Daniele"]
[Result "0-1"]
[WhiteElo "2065"]
[BlackElo "2117"]
[PlyCount "128"]
[EventDate "2000.08.25"]

1.c4 e5 2.Nc3 Nc6 3.g3 g6 4.Bg2 Bg7 5.d3 d6 6.Nf3 Nh6 7.Bg5 f6 8.Bd2 Be6 
9.Nd5 O-O 10.h4 Qd7 11.Qc1 Nf7 12.Qc2 Ne7 13.e4 c6 14.Nxe7+ Qxe7 15.O-O d5
16.cxd5 cxd5 17.Qa4 Rfd8 18.Bb4 Qd7 19.Qxd7 Rxd7 20.Rfc1 Nd8 21.Kh2 Nc6 
22.Bd2 Rad8 23.Be3 Bf8 24.Bh3 Kf7 25.Bxe6+ Kxe6 26.Kg2 Bd6 27.Bc5 Rc7 28.
Bxd6 Kxd6 29.g4 Rdc8 30.g5 f5 31.exf5 gxf5 32.Kh3 e4 33.dxe4 fxe4 34.Ne1 
Nd4 35.Rxc7 Rxc7 36.Rd1 Ke5 37.Kg4 Rf7 38.Rd2 Rf4+ 39.Kh5 Nf5 40.Ng2 Rf3 
41.Kg4 d4 42.h5 d3 43.g6 hxg6 44.hxg6 Kf6 45.Ne1 Nh6+ 46.Kh4 Rf4+ 47.Kg3 
Rg4+ 48.Kh3 Rxg6 49.Nxd3 exd3 50.Rxd3 Nf5 51.Ra3 a6 52.Rb3 Nd6 53.Kh2 Ke5 
54.Rb4 Rg7 55.f3 Kd5 56.Kh3 Nc4 57.Kh4 Kc5 58.Rb3 b5 59.Rc3 Kd4 60.Rc2 Kd3
61.Rf2 Ke3 62.Rc2 Kxf3 63.a4 Ne3 64.Rc6 Rg4+ 0-1

[Event "XX Festival Conca della Presolana A"]
[Site "Bratto - Castione della Presolana ITA"]
[Date "2000.08.28"]
[Round "4"]
[White "Cazzaniga, Walter"]
[Black "Inkiov, Ventzislav V."]
[Result "1/2-1/2"]
[WhiteElo "2170"]
[BlackElo "2416"]
[PlyCount "90"]
[EventDate "2000.08.25"]

1.d4 Nf6 2.c4 e6 3.Nf3 d5 4.Nc3 Bb4 5.Bg5 dxc4 6.e4 c5 7.Bxc4 cxd4 8.Nxd4 
Bxc3+ 9.bxc3 Nbd7 10.O-O Qa5 11.Bxf6 Nxf6 12.Nb5 O-O 13.e5 Nd7 14.f4 Nc5 
15.Qd4 b6 16.Nd6 Ba6 17.f5 Bxc4 18.Qxc4 Qa4 19.Qd4 exf5 20.Rxf5 Rad8 21.
Qd5 Qd7 22.Raf1 Qe6 23.Qxe6 fxe6 24.Rxf8+ Rxf8 25.Rxf8+ Kxf8 26.Nc8 Na4 
27.Nxa7 Nxc3 28.a3 Ke8 29.Kf2 Kd7 30.Ke3 Nd5+ 31.Ke4 Nc7 32.Kd4 Na6 33.Kc4
Nc7 34.Kd4 Nd5 35.Ke4 Ne7 36.Nb5 Nf5 37.g4 Nh6 38.h3 Nf7 39.h4 h6 40.Nd4 
g5 41.h5 Nd8 42.Nb5 Nb7 43.Kd4 Kc6 44.Na7+ Kd7 45.Nb5 Kc6 1/2-1/2

[Event "XX Festival Conca della Presolana A"]
[Site "Bratto - Castione della Presolana ITA"]
[Date "2000.08.28"]
[Round "4"]
[White "Cebalo, Miso"]
[Black "Ranieri, Fabrizio"]
[Result "1-0"]
[WhiteElo "2520"]
[BlackElo "2165"]
[PlyCount "41"]
[EventDate "2000.08.25"]

1.d4 d5 2.Nf3 Nf6 3.c4 e6 4.Nc3 c6 5.Bg5 Be7 6.e3 Nbd7 7.Qc2 O-O 8.O-O-O 
Re8 9.h4 Qa5 10.Kb1 h6 11.Bxf6 Nxf6 12.Ne5 Bb4 13.Bd3 dxc4 14.Nxc4 Qc7 15.
Ne2 Bd7 16.Rhg1 Be7 17.g4 Nd5 18.g5 Nb4 19.gxh6 Nxc2 20.Rxg7+ Kf8 21.Ne5 
1-0

[Event "XX Festival Conca della Presolana A"]
[Site "Bratto - Castione della Presolana ITA"]
[Date "2000.08.28"]
[Round "4"]
[White "Cocchi, Andrea"]
[Black "Romanishin, Oleg M."]
[Result "1/2-1/2"]
[WhiteElo "2261"]
[BlackElo "2591"]
[PlyCount "115"]
[EventDate "2000.08.25"]

1.c4 e5 2.g3 Nf6 3.Bg2 d5 4.cxd5 Nxd5 5.b3 Nc6 6.Bb2 Be7 7.Nc3 Be6 8.Nf3 
O-O 9.O-O f5 10.d3 Nb6 11.Nd2 Bf6 12.Nc4 Qe8 13.Nb5 Rf7 14.Qd2 Rd8 15.Na5 
Nxa5 16.Qxa5 c6 17.Na3 Nd5 18.Nc4 b6 19.Qd2 Bc8 20.b4 e4 21.dxe4 fxe4 22.
Bxf6 Nxf6 23.Qc2 Rfd7 24.Rfd1 Rxd1+ 25.Rxd1 Rxd1+ 26.Qxd1 Be6 27.Qd4 Qf7 
28.Ne5 Qc7 29.Bxe4 c5 30.bxc5 bxc5 31.Qe3 Bxa2 32.Bf5 Qe7 33.Qc3 Bd5 34.
Bd3 Nd7 35.Nxd7 Qxd7 36.Qxc5 Qc6 37.Qxc6 Bxc6 38.Ba6 Kf7 39.f3 Ke6 40.Kf2 
Kd5 41.Ke3 Kc5 42.Kd3 Kb6 43.Bc4 Kc5 44.e4 a5 45.Bg8 h6 46.f4 Bb5+ 47.Kc3 
Bc6 48.e5 Bd7 49.Bf7 Bc6 50.h4 Bf3 51.Be6 Bd1 52.g4 a4 53.g5 a3 54.Bf7 Bg4
55.Ba2 Bf5 56.Bf7 Bg4 57.Kd3 Bf5+ 58.Kc3 1/2-1/2

[Event "XX Festival Conca della Presolana A"]
[Site "Bratto - Castione della Presolana ITA"]
[Date "2000.08.28"]
[Round "4"]
[White "Davies, Nigel R."]
[Black "Grooten, Herman"]
[Result "1-0"]
[WhiteElo "2486"]
[BlackElo "2386"]
[PlyCount "93"]
[EventDate "2000.08.25"]

1.Nf3 Nf6 2.g3 b6 3.Bg2 Bb7 4.O-O g6 5.c4 c5 6.e3 Bg7 7.d4 O-O 8.d5 b5 9.
Nc3 b4 10.Ne2 d6 11.Qc2 a5 12.Ng5 a4 13.Rb1 Nbd7 14.b3 Ra7 15.Bb2 Qa8 16.
e4 h6 17.Nh3 Ne5 18.Rbe1 axb3 19.axb3 Ra2 20.Nc1 Rxb2 21.Qxb2 Nxd5 22.Qc2 
Nc3 23.Nf4 e6 24.f3 Nc6 25.Nfe2 Qa3 26.Kh1 Ra8 27.f4 Nxe2 28.Nxe2 Qa2 29.
Qd3 Bd4 30.Rb1 Qa7 31.h4 h5 32.Rfd1 Kg7 33.Bf3 e5 34.Bg2 Qa2 35.Rd2 Qa5 
36.Rf1 exf4 37.gxf4 Qd8 38.Qg3 Bf6 39.e5 Bxh4 40.Qh2 Be7 41.f5 Bg5 42.Rxd6
Qe8 43.f6+ Kh7 44.e6 Ra2 45.exf7 Qxe2 46.f8=Q Nd4 47.Qg7# 1-0